Library Banner

Das wali = دس ولی / (Record no. 133923)

MARC details
000 -LEADER
fixed length control field 00447nam a22001457a 4500
005 - DATE AND TIME OF LATEST TRANSACTION
control field 20240429105443.0
008 - FIXED-LENGTH DATA ELEMENTS--GENERAL INFORMATION
fixed length control field 240429b ||||| |||| 00| 0 eng d
040 ## - CATALOGING SOURCE
Transcribing agency PK-LaUMT
082 ## - DEWEY DECIMAL CLASSIFICATION NUMBER
Classification number APC 297.4092
Item number BAS-D
100 ## - MAIN ENTRY--PERSONAL NAME
Personal name Bashir Ahmad Sadi = بشیر احمد سعدی
245 ## - TITLE STATEMENT
Title Das wali = دس ولی /
Statement of responsibility, etc by Bashir Ahmad Sadi = بشیر احمد سعدی
260 ## - PUBLICATION, DISTRIBUTION, ETC. (IMPRINT)
Place of publication, distribution, etc Lahore :
Name of publisher, distributor, etc Moman Publishers,
Date of publication, distribution, etc 1985
300 ## - PHYSICAL DESCRIPTION
Extent 208 p.
942 ## - ADDED ENTRY ELEMENTS (KOHA)
Koha item type Books
Holdings
Withdrawn status Lost status Damaged status Home library Current library Date acquired Full call number Barcode Date last seen Price effective from Koha item type
      UMT Main Campus UMT Main Campus 2024-04-29 APC 297.4092 BAS-D 146874 2024-04-29 2024-04-29 Books